000
00333nam a2200145Ia 4500
100
_a
Johnson/C.D.
250
_a
5
942
_c
BK
654
_a
Process control
245
_a
Process Control Instrumentation Technology
260
_b
Prentice Hall of India
_a
New Delhi
_c
1997
300
_a
638
546
_a
ENGLISH
999
_c
20652
_d
20652